Development trend of rubber industry in China in 2000 (Record no. 57084)

MARC details
000 -LEADER
fixed length control field 00436nam a2200121Ia 4500
100 ## - MAIN ENTRY--AUTHOR NAME
Personal name Bailing LU
245 #0 - TITLE STATEMENT
Title Development trend of rubber industry in China in 2000
260 ## - PUBLICATION, DISTRIBUTION, ETC. (IMPRINT)
Name of publisher International Rubber Conference 1997. Rubber Science and Technology: Improving Quality of Life, Kuala Lumpur, Malaysia 6-9 Oct 1997; p553-557
650 ## - SUBJECT ADDED ENTRY--TOPICAL TERM
Topical Term China
650 ## - SUBJECT ADDED ENTRY--TOPICAL TERM
Topical Term Rubber industry
942 ## - ADDED ENTRY ELEMENTS (KOHA)
Koha item type Journals
Holdings
Withdrawn status Lost status Damaged status Not for loan Home library Current library Shelving location Date acquired Koha item type
      Journals RRII Library RRII Library Agricultural economics 17/12/2021 Journals